000 01055nas a2200337 4500
001 BR2022000620
003 BR-BrBNA
005 20231205132259.0
007 ta
008 230509b bl.|||p| |||| 00| 00por d
040 _aBR-BrBNA
_bpor
_cBiblioteca Nacional de Agricultura
041 _a(Pt)
072 _aF01; Q52
100 1 _aSilva, T.I. da
100 1 _aGaldino, A.G. da S.
100 1 _aSantana, L.D.
100 1 _aCâmara, F.T. da
100 1 _aAlves, A.C.L.
100 1 _aSilva, J. de S.
245 1 _aEnsaio comparativo entre dois cultivares de milho submetidos a diferentes arranjos de plantas
650 _aMILHO
650 _aESPAÇAMENTO
650 _aPRÁTICA CULTURAL
650 _aCOMPORTAMENTO DE VARIEDADE
650 _aSILAGEM
650 _aPRODUTIVIDADE
773 0 _tActa Iguazu (Brazil)
_xISSN 2316-4093
_g(2017), v. 6(1) p. 14-22
_wBR2022000620
856 4 0 _uhttps://e-revista.unioeste.br/index.php/actaiguazu/article/view/16550/11206
909 _a202311
_bLúcia
_c55
_dLúcia Elande
942 _2AGRIS
_n0
_cANA
999 _c259455
_d259455